书目信息 |
| 题名: |
力与美的建构
|
|
| 作者: | 王环宇 编著 | |
| 分册: | ||
| 出版信息: | 北京 中国建筑工业出版社 2010.12 |
|
| 页数: | 163页 | |
| 开本: | 23cm | |
| 丛书名: | 全国高等美术院校建筑与环境艺术设计专业教学丛书 | |
| 单 册: | ||
| 中图分类: | TU318 | |
| 科图分类: | ||
| 主题词: | 建筑结构--jian zhu jie gou--结构设计--高等学校--教学参考资料 | |
| 电子资源: | ||
| ISBN: | 978-7-112-12788-7 | |
| 000 | 01057nam 2200289 450 | |
| 001 | 297014 | |
| 005 | 20110830190223.70 | |
| 010 | @a978-7-112-12788-7@dCNY40.00 | |
| 100 | @a20051107d2010 ekmy0chiy0121 ea | |
| 101 | 0 | @achi |
| 102 | @aCN@b110000 | |
| 105 | @aak z 000yy | |
| 106 | @ar | |
| 200 | 1 | @a力与美的建构@Ali yu mei de jian gou@e结构造型@f王环宇编著 |
| 210 | @a北京@c中国建筑工业出版社@d2010.12 | |
| 215 | @a163页@c图@d23cm | |
| 225 | 2 | @a全国高等美术院校建筑与环境艺术设计专业教学丛书@Aquan guo gao deng mei zhu yuan xiao jian zhu yu huan jing yi zhu she ji zhuan ye jiao xue cong shu |
| 330 | @a本书是一本高等学校建筑结构造型设计教材,内容包括:论结构造型教学,结构造型原理等。 | |
| 333 | @a高等学校建筑学专业学生 | |
| 410 | 0 | @12001 @a全国高等美术院校建筑与环境艺术设计专业教学丛书 |
| 517 | 1 | @a结构造型@Ajie gou zao xing |
| 586 | @a | |
| 606 | 0 | @a建筑结构@Ajian zhu jie gou@x结构设计@x高等学校@j教学参考资料 |
| 690 | @aTU318@v5 | |
| 701 | 0 | @a王环宇@Awang huan yu@4编著 |
| 801 | 0 | @aCN@c20110610 |
| 905 | @dTU318@eW210 | |
| 力与美的建构:结构造型/王环宇编著.-北京:中国建筑工业出版社,2010.12 |
| 163页:图;23cm.-(全国高等美术院校建筑与环境艺术设计专业教学丛书) |
| 使用对象:高等学校建筑学专业学生 |
| ISBN 978-7-112-12788-7:CNY40.00 |
| 本书是一本高等学校建筑结构造型设计教材,内容包括:论结构造型教学,结构造型原理等。 |
| ● |
| 相关链接 |
|
|
|
正题名:力与美的建构
索取号:TU318/W210
 
预约/预借
| 序号 | 登录号 | 条形码 | 馆藏地/架位号 | 状态 | 备注 |
| 1 | 889991 | 208899913 | 建筑库101/101建筑库 80排2列3层/ [索取号:TU318/W210] | 在馆 | |
| 2 | 889992 | 208899922 | 建筑库101/101建筑库 80排2列3层/ [索取号:TU318/W210] | 在馆 | |
| 3 | 889993 | 208899931 | 土木与交通工程学院资料室/土木与交通学院资料室 1排1列1层/ [索取号:TU318/W210] | 在馆 | |
| 4 | 889994 | 208899940 | 建筑库101/101建筑库 80排2列3层/ [索取号:TU318/W210] | 在馆 | |
| 5 | 889995 | 208899959 | 土木与交通工程学院资料室/土木与交通学院资料室 1排1列1层/ [索取号:TU318/W210] | 在馆 |